000 00579cam a2200193ua 4500
001 6874
005 20260515114123.0
008 140311n ii |||gr||||Z||||||eng
040 _cMAIN
082 _a651
245 _aText book of Business organisation and commercial practice
_cBy Pranob kumar Bhattacharjee
250 _bPart II.
260 _aGuwahati:
_bLawyers book stall,
_c1996.
300 _ax,323p.
653 _aOffice services
653 _aText book of Business organisation and commercial practice
700 _aBhattacharjee,Pranob kumar,
_eAuthor.
942 _cBK
999 _c6015
_d6015